[Event "GER-ch Net blitz qual4"]
[Site "Playchess.com INT"]
[Date "2021.05.10"]
[Round "5"]
[White "Frohnhaeuser, Simon"]
[Black "Kipke, Christian"]
[Result "1/2-1/2"]
[WhiteElo "1975"]
[BlackElo "2168"]
[PlyCount "259"]
[EventDate "2021.05.10"]
[EventType "swiss (blitz)"]
[EventRounds "11"]
[EventCountry "GER"]
[SourceTitle "CBM 202 Extra"]
[Source "ChessBase"]
[SourceDate "2021.07.31"]
[SourceVersion "1"]
[SourceVersionDate "2021.07.31"]
[SourceQuality "1"]

1. e4 Nf6 2. e5 Nd5 3. d4 d6 4. Nf3 dxe5 5. Nxe5 g6 6. c3 Bg7 7. Nf3 0-0 8. Be2 b6 9. 0-0 Bb7 10. a4 a5 11. Na3 Nd7 12. Nc2 e5 13. Ne3 exd4 14. Nxd5 Bxd5 15. Nxd4 Nc5 16. Be3 Re8 17. Bf3 Ne4 18. Qc2 c5 19. Nb5 Qe7 20. Rad1 Rad8 21. h3 h5 22. Rfe1 Ba8 23. Rxd8 Qxd8 24. Rd1 Qe7 25. Qb3 Rd8 26. Rxd8+ Qxd8 27. Qd1 Qxd1+ 28. Bxd1 Bd5 29. f3 Nf6 30. Kf2 Nd7 31. Bc2 Kf8 32. g4 hxg4 33. hxg4 Ke7 34. Ke2 Ne5 35. f4 Nxg4 36. f5 Nxe3 37. Kxe3 Bh6+ 38. Kf2 g5 39. Kg3 f6 40. Kg4 Bf8 41. Nc7 Bc4 42. Be4 Kd7 43. Nd5 Bxd5 44. Bxd5 Kd6 45. Bc4 Ke5 46. b3 Ke4 47. Bb5 Bd6 48. Bc4 Be5 49. Be6 Bxc3 50. Bc4 Be5 51. Be6 Kd4 52. Bc4 Kc3 53. Kf3 Kb4 54. Kg4 Bd4 55. Kf3 Bc3 56. Kg4 Bd2 57. Kf3 Bc1 58. Ke4 g4 59. Kd3 g3 60. Ke2 Bf4 61. Kf3 Be5 62. Kg2 Kc3 63. Kf3 Kd4 64. Kg2 Ke4 65. Be6 Kf4 66. Bd7 Bc7 67. Be6 b5 68. axb5 c4 69. Bxc4 Kxf5 70. Bd5 Kg4 71. Bf3+ Kf4 72. Bc6 f5 73. Bd5 Ke3 74. Bc6 f4 75. Bd5 Bb6 76. Bc6 Kd4 77. Bb7 Kc5 78. Bc6 Ba7 79. Bf3 Kxb5 80. Bd5 Bd4 81. Bb7 Kc5 82. Bf3 Be3 83. Bb7 Kd4 84. Bf3 Kc3 85. Bd5 Kb4 86. Kf3 Bc5 87. Kg2 Bd6 88. Kf3 Be5 89. Kg2 Kc5 90. Bb7 Bc7 91. Bf3 Bb6 92. Bb7 Kb4 93. Bd5 Bc5 94. Kf3 Be3 95. Kg2 Ka3 96. Kf3 Bd2 97. Kg2 Be3 98. Kf3 Bb6 99. Kg2 Kb2 100. Kf3 Kc1 101. Kg2 Kd1 102. Bf3+ Ke1 103. Bb7 Bc5 104. Bf3 Bd4 105. Bb7 Bc3 106. Bf3 Kd2 107. Bb7 Ke3 108. Bf3 Kd2 109. Bc6 Kc2 110. Bd5 Bd4 111. Kf3 Be3 112. Kg2 Kb2 113. Kf3 Bd2 114. Kg2 Kc3 115. Kf3 Kb4 116. Kg2 Kc5 117. Bf3 Kb5 118. Bb7 Be3 119. Bf3 a4 120. bxa4+ Kxa4 121. Ba8 Kb3 122. Bf3 Kc2 123. Be4+ Kd2 124. Bf3 Ke1 125. Be4 Kd2 126. Bf3 Ke1 127. Ba8 Kd2 128. Bb7 Ke1 129. Ba8 Kd2 130. Bf3 1/2-1/2

[Event "GER-ch Net blitz qual4"]
[Site "Playchess.com INT"]
[Date "2021.05.10"]
[Round "1"]
[White "Miwisch, Dave"]
[Black "Kipke, Christian"]
[Result "0-1"]
[WhiteElo "1774"]
[BlackElo "2168"]
[PlyCount "72"]
[EventDate "2021.05.10"]
[EventType "swiss (blitz)"]
[EventRounds "11"]
[EventCountry "GER"]
[SourceTitle "CBM 202 Extra"]
[Source "ChessBase"]
[SourceDate "2021.07.31"]
[SourceVersion "1"]
[SourceVersionDate "2021.07.31"]
[SourceQuality "1"]

1. e4 Nf6 2. e5 Nd5 3. d4 d6 4. Nf3 dxe5 5. Nxe5 g6 6. g3 Bg7 7. Bg2 0-0 8. 0-0 c6 9. c3 Nd7 10. Nxd7 Qxd7 11. Nd2 b6 12. Ne4 Bb7 13. Bg5 h6 14. Be3 Rad8 15. Qc1 Kh7 16. Qc2 Rfe8 17. Rae1 Nxe3 18. fxe3 f5 19. Nf2 e5 20. dxe5 Rxe5 21. e4 Rf8 22. exf5 Qxf5 23. Qxf5 Rexf5 24. Ne4 Rxf1+ 25. Rxf1 Rxf1+ 26. Kxf1 Ba6+ 27. Ke1 Be5 28. Kd2 Kg7 29. Nf2 c5 30. Nd3 Bd6 31. b3 Bc8 32. Be4 g5 33. c4 Kf6 34. Ke3 h5 35. Nf2 Be5 36. Nh3 Bxh3 0-1

[Event "GER-ch Net blitz qual4"]
[Site "Playchess.com INT"]
[Date "2021.05.10"]
[Round "8"]
[White "Pauly, Markus"]
[Black "Kipke, Christian"]
[Result "0-1"]
[WhiteElo "1975"]
[BlackElo "2168"]
[PlyCount "110"]
[EventDate "2021.05.10"]
[EventType "swiss (blitz)"]
[EventRounds "11"]
[EventCountry "GER"]
[SourceTitle "CBM 202 Extra"]
[Source "ChessBase"]
[SourceDate "2021.07.31"]
[SourceVersion "1"]
[SourceVersionDate "2021.07.31"]
[SourceQuality "1"]

1. d4 e6 2. Nf3 f5 3. Bf4 Nf6 4. e3 Bd6 5. Nbd2 0-0 6. Bd3 b6 7. Qe2 Bb7 8. Bxd6 cxd6 9. e4 fxe4 10. Nxe4 Nxe4 11. Bxe4 Bxe4 12. Qxe4 d5 13. Qe5 Nc6 14. Qe2 Rf4 15. c3 Qf6 16. 0-0 Rf8 17. Rad1 Re4 18. Qd3 Qg6 19. Nd2 Rg4 20. Qxg6 Rxg6 21. Rde1 Rgf6 22. Nf3 h6 23. Re3 g5 24. Ne5 Nxe5 25. Rxe5 Kf7 26. f3 Ke7 27. Rfe1 Kd6 28. R5e3 Rb8 29. a4 a6 30. Ra1 Rff8 31. Re2 Ke7 32. b4 Rbc8 33. Re3 Rc4 34. Ra3 Rfc8 35. Kf2 Kf6 36. Ke2 d6 37. Kd2 e5 38. dxe5+ dxe5 39. Rd3 Ke6 40. Ra1 Kd6 41. Re1 d4 42. Re4 Rxc3 43. Rxc3 Rxc3 44. b5 axb5 45. axb5 Rb3 46. g3 Rxb5 47. f4 Rb2+ 48. Kd3 gxf4 49. gxf4 exf4 50. Rxf4 Rxh2 51. Rxd4+ Kc5 52. Rf4 Rh3+ 53. Kc2 Rh5 54. Rf8 Rd5 55. Rd8 Rxd8 0-1